| 000 | 01005nam a2200301 a 4500 | ||
|---|---|---|---|
| 005 | 20200104041539.0 | ||
| 008 | 140311s2001 wauab fr|||| 000 0 eng d | ||
| 040 |
_aCO-BoIAVH _cCO-BoIAVH |
||
| 041 | 0 | _aeng | |
| 044 | _axxu | ||
| 082 | 0 | 4 |
_a306.4819 _bD62t |
| 100 | 0 | _aDixon, John A. | |
| 245 | 1 | 0 |
_aTourism and the environment in the Caribbean : _ban economic framework |
| 260 |
_aWashington : _bESSD : _bWorld Bank, _c2001. |
||
| 300 |
_a48 páginas : _bIlustraciones, mapas ; _c28 x 22 cm. |
||
| 490 | 0 |
_aEnvironmental Economics _v80 |
|
| 504 | _aIncluye referencias bibliográficas: páginas 47-48. | ||
| 650 | 1 | 6 | _aTurismo sostenible |
| 650 | 2 | 6 | _aDesarrollo sostenible |
| 650 | 2 | 6 | _aPolíticas económicas |
| 650 | 2 | 6 | _aInfraestructura hotelera |
| 650 | 1 | 6 | _aImpacto ambiental del turismo |
| 662 | _cCaribe | ||
| 700 | 1 | _aHamilton, Kirk | |
| 700 | 1 | _aPagiola, Stefano | |
| 700 | 1 | _aSegnéstam, Lisa | |
| 942 |
_cLIBRO _2ddc |
||
| 999 |
_c3356 _d3356 |
||